Most Watched KPOP Artists - Statistics

General Stats
  • This quiz has been taken 98 times
    57 since last reset
  • The average score is 13 of 20
Answer Stats
Views Artist % Correct
21.4 B Blackpink
100%
29.5 B BTS
100%
13.4 B Twice
94%
7.6 B Stray Kids
89%
4.4 B EXO
79%
4.7 B BIGBANG
77%
4.6 B Seventeen
77%
2.6 B TXT
74%
4.1 B ITZY
70%
3.5 B Red Velvet
68%
3.3 B Aespa
60%
3.3 B Girls' Generation
60%
4 B I-dle
60%
3.5 B BABYMONSTER
47%
2.5 B IU
43%
3.2 B GOT7
38%
9.7 B PSY
38%
2.5 B Jennie
30%
3.2 B Lisa
30%
2.5 B Mamamoo
30%
No matching quizzes found
Score Distribution
Percent of People with Each Score
Percentile by Number Answered
Your Score History
You have not taken this quiz since the last reset